000 01338nam2a2200361 4500
001 RU\NLR\DIGIT\106815
005 20250806203838.0
035 _a(NLR Aleph) 010164938
090 _a61046
_c61046
100 _a20250806 rusy50
101 0 _arus
102 _aRU
135 _acrbn 001aaada
200 1 _a1944, № 7(1110) (16 дек.)
210 _d1944
215 _a4 с.
325 _aКопия доступна в Электрон. б-ке РНБ http://vivaldi.nlr.ru/pn000011572/view
461 0 _1001RU\NLR\DIGIT\105749
_12001#$v1944, № 7(1110) (16 дек.)$aЛитературная газета
610 0 _aЛитературная газета - 1944
702 1 _aСурков
_bА.
_4340
702 1 _aГорбатов
_bБ.
_4340
801 2 _aRU
_bNLR
_c20110411
_2rusmarc
852 _aNLR
_jМ 341
_pС 3485
856 0 _uhttp://vivaldi.nlr.ru/pn000011572/view
856 1 _uhttp://vivaldi.nlr.ru/pn000011572/cover
856 2 _uhttp://vivaldi.nlr.ru/pn000011572/text
942 _cISSNP
945 _aРоссийская национальная библиотека
980 _aNB
980 _aBV
981 3 6 _a(36) Цифровой репозиторий РНБ
981 2 7 _a(27) Периодические издания
_b(27) Газеты